000 01292nam a22002537a 4500
999 _c60827
_d60827
003 Ge_BSU
005 20231026121426.0
008 231026s2023 ge ||||| |||| 00| 0 geo d
020 _a9789941852626
041 _ageo
080 _a617.7(075.8) დ-40
100 _aდვალი, მერაბ
_920250
245 _aოფთალმოლოგიის საფუძვლები :
_b[სახელმძღვანელო] /
_cმერაბ დვალი: რედაქტორები ეთერ მშვიდობაძე, ლია ჟორჟიკაშვილი
250 _aპირველი გამოცემა
264 _aთბილისი,
_c2023.
300 _a261 გვ.:
_b სურ., ცხრ.
_c24 სმ.
500 _aსაგნობრივი საძიებელი: გვ. 256-261.
504 _aბიბლიოგრაფია: გვ. 254-255.
653 _aოფთალმოლოგია
653 _aთვალის დაავადებები
700 _aმშვიდობაძე, ეთერ
_eრედაქტორი.
_920251
700 _aჟორჟიკაშვილი, ლია,
_eრედაქტორი
_920252
942 _2udc
_cᲬᲘᲒᲜᲘ